Vándorzászló Odesszából Vasutasok munkásgyűlése
Elmentve itt :
| Dokumentumtípus: | Cikk |
|---|---|
| Megjelent: |
1980-07-17
|
| Sorozat: | Délmagyarország
70 No. 166 |
| Kulcsszavak: | vasutak, MÁV |
| Online Access: | http://dmarchiv.bibl.u-szeged.hu/110289 |
| LEADER | 00429nab a2200145 i 4500 | ||
|---|---|---|---|
| 001 | delm110289 | ||
| 005 | 20190531114021.0 | ||
| 008 | 190531s1980 hu o 0|| hun d | ||
| 040 | |a SZTE Délmagyarország Archívum |b hun | ||
| 041 | |a hun | ||
| 245 | 0 | 0 | |a Vándorzászló Odesszából |h [elektronikus dokumentum] : |b Vasutasok munkásgyűlése |
| 260 | |c 1980-07-17 | ||
| 300 | |a 1 | ||
| 490 | 0 | |a Délmagyarország |v 70 No. 166 | |
| 695 | |a vasutak, MÁV | ||